| 000 | 00665nam a2200205 a 4500 | ||
|---|---|---|---|
| 005 | 20220606081656.0 | ||
| 008 | 991125s1993 mx 000 0 spa u | ||
| 020 | _a9683628834 | ||
| 035 | _aUPN01000041065 | ||
| 049 | _aCG | ||
| 050 | 4 |
_aPQ7187 _bC3.5a |
|
| 100 | 1 |
_aCalderón, Fernando, _d1809-1845 _932637 |
|
| 245 | 1 | 0 |
_aA ninguna de las tres / _cFernando Calderón ; pról. Francisco Monterde. |
| 260 |
_aMéxico : _bUNAM, Dirección General de Publicaciones, _c1993 |
||
| 300 | _axxii, 133 h. | ||
| 440 | 0 |
_aBiblioteca del estudiante universitario ; _v47 |
|
| 650 | 2 |
_aComedia mexicana _99749 |
|
| 650 | 7 |
_aMujeres en la literatura _2 _92269 |
|
| 905 | _aLibro | ||
| 999 |
_c41065 _d41065 |
||